| 000 | 00585nam a22001697a 4500 | ||
|---|---|---|---|
| 008 | 191128b xxu||||| |||| 00| 0 eng d | ||
| 020 | _a9780470725672 | ||
| 050 | _aRA 401 .L728 2008 | ||
| 100 | _aLilja, John.-- | ||
| 245 |
_aPharmaceutical systems : _bglobal perspectives / _cJohn Lilja, Sam Salek, Aldo Alvarez and David Hamilton |
||
| 260 |
_aChichester, England ; Hoboken, NJ : _bJohn Wiley & Sons Ltd _c2008 |
||
| 300 | _axii, 344 pages. | ||
| 690 | _aPharmaceutical policy. | ||
| 690 | _aPharmaceutical industry. | ||
| 690 | _aPharmaceutical services. | ||
| 942 |
_2lcc _cBK |
||
| 999 |
_c362730 _d362730 |
||